|
|
|
|
| LEADER |
00000cam a2200000 a 4500 |
| 001 |
vtls010203652 |
| 003 |
SK-MaSNL |
| 005 |
20260301172834.0 |
| 008 |
180809s2009 xo dl f 100 0 eng |
| 015 |
|
|
|a SNBA2011/05-02344
|
| 020 |
|
|
|a 9788055303413
|q (brož.)
|
| 035 |
|
|
|a 4EE52B75-0824-4F1C-8F2F-6709FD8A4087
|
| 035 |
|
|
|a urn:nbn:sk:snk-amleei
|
| 035 |
|
|
|a urn:nbn:sk:snk-am008yay
|
| 040 |
|
|
|a SNK
|b slo
|c SNK
|e AACR2
|
| 041 |
0 |
|
|a eng
|a fre
|b eng
|b fre
|
| 044 |
|
|
|a xo
|c SK
|
| 072 |
|
7 |
|a 321
|x Politológia
|2 konspekt
|
| 080 |
|
|
|a 30
|2 2001
|
| 080 |
|
|
|a 321
|2 2001
|
| 080 |
|
|
|a (062.534)
|2 2001
|
| 111 |
2 |
|
|a International Conference on Economics, Law and Manatement
|n (3. :
|d 2008 :
|c Tîrgu-Mureş, România)
|9 542811
|
| 245 |
1 |
0 |
|a ICELM-3
|b proceedings of the International Conference on Economics, Law and Manatement June 4 - June 6, 2008 Tîrgu-Mureş, România
|n Volume IV
|p Social and Political Sciences
|c [edited by Chiriac Lucian, Szabó Zsuszanna]
|
| 250 |
|
|
|a [1. vyd.]
|
| 260 |
|
|
|a Kosice
|b Technical University of Kosice
|c 2009
|
| 300 |
|
|
|a 214 s.
|b grafy, sch., tab.
|c 25 cm
|
| 366 |
|
|
|e 100 výt.
|
| 500 |
|
|
|a Na tit. strane uvedený rok vydania 2009
|
| 504 |
|
|
|a Bibliogr. odkazy
|
| 546 |
|
|
|a Text aj franc. Res. angl., franc.
|
| 650 |
0 |
7 |
|a sociálne vedy
|2 SNKPH
|9 67399
|
| 650 |
0 |
7 |
|a politológia
|2 SNKPH
|9 4684
|
| 650 |
0 |
7 |
|a Political science
|2 SNKPHeng
|9 265833
|
| 650 |
0 |
7 |
|a Social sciences
|2 SNKPHeng
|9 265112
|
| 655 |
|
7 |
|a zborníky konferencií
|2 SNKPH
|9 70153
|
| 655 |
|
7 |
|a Proceedings of conferences
|2 SNKPHeng
|9 265791
|
| 700 |
1 |
|
|a Chiriac Lucian
|4 edt
|9 542812
|
| 700 |
1 |
|
|a Szabó, Zsuzsanna Katalin,
|d 1962-
|4 edt
|9 135144
|
| 752 |
|
|
|a Slovensko
|d Košice
|
| 919 |
|
|
|a 978-80-553-0341-3
|
| 958 |
|
|
|a OND
|
| 958 |
|
|
|a NB
|
| 968 |
|
|
|d 36
|
| 999 |
|
|
|c 834861
|d 836791
|
| 952 |
|
|
|a SNK
|b SNK
|y PREZ
|7 0
|p 17A0685525
|o snkSC 143423/4
|i snk2011/975
|8 0
|0 0
|1 0
|4 0
|d 2011-01-14
|l 0
|r 2025-07-11 00:00:00
|w 2026-02-24
|
| 952 |
|
|
|a SNK
|b SNK
|y VYP
|7 0
|p 17A0685526
|o snkSC 143423/4 D1
|i snk2011/979
|8 0
|0 0
|1 0
|4 0
|d 2011-01-14
|f 1
|l 0
|r 2026-02-24 03:50:35
|w 2026-02-24
|